000 00664nmm a2200193Ia 4500
008 251105s9999||||xx |||||||||||||||||und||
020 _a9786071607935
041 _aspa
100 _aKöhnke, Klaus Christian
245 0 _aSurgimiento y auge del neokantismo :
_b La filosofía universitaria alemana entre el idealismo y el positivismo
264 _a[México D.C., Mexico] :
_bFondo de Cultura Económica,
_c2012
300 _a570 páginas
490 _aFilosofía
650 _aPhilosophy, Ethics
700 _aKöhnke, Klaus Christian
700 1 _a Ancona Quiroz, José Andrés
856 _uhttps://public.digitaliapublishing.com/a/43232
942 _cCF
999 _c67518
_d67518